Biggest World Cities (A-Z by Last Letter) Beginning with V - Statistics

General Stats
  • This quiz has been taken 77 times
  • The average score is 8 of 26
Answer Stats
Country Starts Place Ends Population % Correct
Austria V Vienna A 1.7m
100%
Turkey V Van N 372k
97%
Canada (BC) V Vancouver R 600k
91%
Lithuania V Vilnius S 542k
91%
Laos V Vientiane E 620k
88%
Russia V Vladivostok K 587k
81%
Russia V Volgograd D 1.0m
69%
India V Varanasi I 1.2m
55%
Mexico V Veracruz Z 428k
52%
Russia V Voronezh H 848k
50%
India V Visakhapatnam M 1.1m
21%
Mexico V {Victoria} de Durango O 519k
10%
France V {Villeneuve} d'Ascq Q 62k
7%
Spain V {Vilanova} i la Geltru U 66k
5%
Germany V Velbert T 88k
3%
Canada (AB) V Valleyview W 2k
2%
France V Venissieux X 58k
2%
Russia V {Vasylevsky} Ostrov V 203k
0%
Denmark V Vemb B 1k
0%
South Africa V Ventersdorp P 64k
0%
India V Veraval L 163k
0%
Slovenia V Verzej J 1k
0%
France V Vif F 10k
0%
Vietnam V Vinh Long G 103k
0%
Russia V Volzhskiy Y 323k
0%
Serbia V Vozdovac C 158k
0%
No matching quizzes found
Score Distribution
Percent of People with Each Score
Percentile by Number Answered
Your Score History
You have not taken this quiz